Za odstránenie stagnácie vo výrobe cukrovej repy

Bibliographic Details
Main Author: Morbacher, J. (Author)
Format: Article
Language:Slovak
Subjects:

MARC

LEADER 00000nab a2200000 a 4500
001 vtls000364310
003 SK-MaSNL
005 20260303163805.0
008 111202c1989 xo 0 slo
015 |a SNBRB19rr/mm-uuuuu 
035 |a CL0364432 
040 |a SNKBUCL  |b slo  |c SNKBUCL  |e AACR2 
041 0 |a slo 
044 |a xo  |c SK 
080 |a 633.63:631.5  |2 1981 
080 |a 631.5  |2 1981 
100 1 |a Morbacher, J.  |4 aut  |9 933227 
245 1 0 |a Za odstránenie stagnácie vo výrobe cukrovej repy  |c J. Morbacher 
650 0 7 |a cukrová repa  |2 snkbucl  |9 81965 
655 7 |a články z novín a časopisov  |2 snkbucl  |9 267496 
773 0 |t Informácie MPVž SSR  |g Roč. 17, č. 9 (1989), s. 2-5 
850 |a Slovenská národná knižnica v Martine  |a MTA001 
852 |a SNK  |b KIS3GCP 
958 |a RK 
992 |a RBX 
999 |c 2061321  |d 2063251